F-liigan joukkueet: logovisa - Statistics

Yleistilastot
  • Tätä visaa on pelattu 109 kertaa
    63 viimeisimmän päivityksen jälkeen
  • Keskiarvotulos 18 / 21
Vastaustilastot
Kuvavisa Hint Vastaus % Oikein
Nokia Nokian Kristityt Palloilijat
100%
Lappeenranta Saimaan Pallo
100%
Tampere Classic
96%
Turku Turun Palloseura
96%
Tampere Koovee
93%
Oulu Oulun Luistinseura
93%
Seinäjoki Seinäjoen Peliveljet
93%
Helsinki EräViikingit
89%
Oulu SS Rankat Ankat
89%
Espoo Westend Indians
89%
Espoo Esport Oilers
86%
Lahti LASB
86%
Seinäjoki Nurmon Jymy
82%
Pirkkala Pirkat
82%
Porvoo Porvoon Salibandyseura
82%
Turku FBC Turku
79%
Helsinki Hawks
79%
Nurmijärvi SB-Pro
71%
Sipoo ÅIF
64%
Turku FBC Loisto
61%
Espoo Northern Stars
61%
Ehtoja vastaavia visoja ei löytynyt
Tulosjakauma
Jokaisen tuloksen saaneiden osuus
Persentiili vastausten määrän mukaan
Tuloshistoriasi
Et ole pelannut tätä visaa sen viimeisimmän päivityksen jälkeen